000 00863nam a22002897a 4500
001 BR0100159
003 BR-BrBNA
005 20230928100742.0
007 ta
008 230509b bl.||||| |||| 00| 0 por d
040 _aBR-BrBNA
_bpor
_cBiblioteca Nacional de Agricultura
041 _a(Por)
072 _aS40
090 _ S40 BR0100159
110 1 _aCompanhia Nacional de Abastecimento, Brasilia, DF (Brasil)
245 1 _aConsumo domiciliar de alimentos nas areas metropolitanas brasileiras; comparativos dos planos cruzado X real
260 3 _aBrasilia, DF (Brasil):
_c2000.
300 _a26 p.
500 _a34 illus.; 49 ref.
650 _aAlimentacao
650 _aConsumo Alimentar
650 _aNutricao Humana
650 _aEconomia Agricola
650 _aPrograma de Nutricao
909 _a202309
_bLucia
_c55
_dLucia Elande
942 _cBK
999 _c62636
_d62636